Entry Personal Name
Number of records used in: 1
001 - CONTROL NUMBER
003 - CONTROL NUMBER IDENTIFIER
005 - DATE AND TIME OF LATEST TRANSACTION
- control field:
20230926152807.0
008 - FIXED-LENGTH DATA ELEMENTS
- fixed length control field:
920811n| acannaab |a aaa
010 ## - LIBRARY OF CONGRESS CONTROL NUMBER
- LC control number:
n 92080776
040 ## - CATALOGING SOURCE
- Original cataloging agency:
DLC
- Transcribing agency:
DLC
- Modifying agency:
DLC
100 1# - HEADING--PERSONAL NAME
- Personal name:
D'Angelo, John P.
400 1# - SEE FROM TRACING--PERSONAL NAME
- Personal name:
Angelo, John P. D'
670 ## - SOURCE DATA FOUND
- Source citation:
His Several complex variables and the geometry of real hypersurfaces, 1992:
- Information found:
CIP t.p. (John P. D'Angelo)
670 ## - SOURCE DATA FOUND
- Source citation:
An introduction to complex analysis and geometry, 2011:
- Information found:
ECIP t.p. (John P. D'Angelo) data view (b. Mar. 5, 1951)